25 Ways Not to 'Bark' Quiz Stats

Quiz Updated Sep 8, 2017

Challenge
Share
Tweet
Embed
Score 0/25 Timer 02:00
13 Plays Today
% Correct
Lark
97.4%
Mark
96.7%
Dark
96.7%
Park
96%
Berk
94.4%
Bork
94.2%
Birk
93.9%
Burk
93.5%
Hark
91.6%
Nark
91.5%
Cark
87.7%
Sark
86.3%
Bank
86.1%
% Correct
Balk
86%
Bard
84.9%
Barn
84.8%
Wark
84.1%
Bare
83.3%
Back
83.2%
Bask
83%
Barf
79.8%
Barb
79.6%
Barm
77.1%
Bars
76.9%
Bawk
70.1%

You're not logged in!

Compare scores with friends on all Sporcle quizzes.
Sign Up with Email
OR
Log In

You Might Also Like...

Show Comments

Extras

Top Quizzes Today


Score Distribution

Your Account Isn't Verified!

In order to create a playlist on Sporcle, you need to verify the email address you used during registration. Go to your Sporcle Settings to finish the process.